Normal view
MARC view
- Kanthrao, D L
Entry Personal Name
001 - CONTROL NUMBER
- control field: 7758
003 - CONTROL NUMBER IDENTIFIER
- control field: OSt
005 - DATE AND TIME OF LATEST TRANSACTION
- control field: 20250823145941.0
008 - FIXED-LENGTH DATA ELEMENTS
- fixed length control field: 250823|| aca||aabn | a|a d
040 ## - CATALOGING SOURCE
- Original cataloging agency: OSt
- Transcribing agency: OSt
100 ## - HEADING--PERSONAL NAME
- Personal name: Kanthrao, D L
670 ## - SOURCE DATA FOUND
- Source citation: Work cat.: (OSt)10115: Kamala, A. 7757, Environmental engineering / , 1989.
